[Event "ICS Rated blitz match"]
[Site "207.99.83.229"]
[Date "1999.06.21"]
[Round "?"]
[White "nluis"]
[Black "Hossa"]
[Result "1-0"]
[WhiteElo "2393"]
[BlackElo "2313"]
[PlyCount "127"]

1. e4 c5 2. Nf3 Nc6 3. d4 cxd4 4. Nxd4 Nf6 5. Nc3 e5 6. Ndb5 d6 7. Bg5 a6 8.
Na3 b5 9. Nd5 Be7 10. Bxf6 Bxf6 11. c3 O-O 12. Nc2 Bg5 13. a4 bxa4 14. Rxa4 a5
15. Bc4 Rb8 16. b3 Kh8 17. O-O g6 18. b4 Be6 19. b5 Ne7 20. Qd3 Nxd5 21. Bxd5
Bxd5 22. exd5 Qb6 23. Rb1 Rfc8 24. Na3 Bd8 25. Rb3 Qc5 26. Qf3 Rb7 27. Rc4 Qxc4
28. Nxc4 Rxc4 29. Qd3 Ra4 30. Kf1 Bb6 31. Qc2 Rf4 32. f3 e4 33. Qc1 e3 34. Qa3
Rd7 35. Ke2 Rh4 36. h3 Rc4 37. Kd3 Rc8 38. c4 Kg8 39. g4 f5 40. gxf5 gxf5 41.
Rb2 h6 42. Qc3 Rf7 43. Rg2+ Kh7 44. Qe1 f4 45. Qh4 Rg8 46. Rxg8 Kxg8 47. Qxh6
Bc5 48. Qg5+ Kh7 49. h4 a4 50. h5 Kh8 51. Qh6+ Kg8 52. Qe6 e2 53. h6 e1=Q 54.
Qxe1 Kh7 55. Qe6 Ra7 56. b6 Rb7 57. Ke4 a3 58. Kf5 a2 59. Qg6+ Kh8 60. Qf6+ Kh7
61. Kg5 a1=Q 62. Qxa1 Bxb6 63. Qf6 Ra7 64. c5 {Hossa resigns} 1-0

[Event "ICS rated blitz match"]
[Site "207.99.83.229"]
[Date "1999.06.21"]
[Round "?"]
[White "MoonShot"]
[Black "Hossa"]
[Result "1-0"]
[WhiteElo "2655"]
[BlackElo "2297"]
[PlyCount "132"]

1. e4 c5 2. Nf3 Nc6 3. d4 cxd4 4. Nxd4 Nf6 5. Nc3 e5 6. Ndb5 d6 7. Nd5 Nxd5 8.
exd5 Nb8 9. Bd3 Be7 10. O-O Bd7 11. Be3 a5 12. Nc3 O-O 13. Qh5 f5 14. Rae1 e4
15. Bc4 Be8 16. Qe2 Bf6 17. Bf4 Bxc3 18. bxc3 Qc7 19. Kh1 Nd7 20. Rd1 Rc8 21.
Bb5 Nf6 22. Bxe8 Rfxe8 23. Qb5 Red8 24. Bd2 Qc5 25. Qxb7 Rb8 26. Qc6 Nxd5 27.
Qxc5 dxc5 28. Bg5 Nf6 29. Rxd8+ Rxd8 30. Rb1 c4 31. Kg1 Kf7 32. Kf1 Kg6 33.
Bxf6 Kxf6 34. Rb6+ Ke5 35. Ke2 Rd6 36. Rb7 Rd5 37. Rxg7 Rb5 38. a4 Rb2 39. Kd2
Ra2 40. Rxh7 Rxa4 41. Re7+ Kf6 42. Rc7 f4 43. g3 fxg3 44. fxg3 Ke6 45. Ke3 Kd6
46. Ra7 Ra3 47. Kxe4 Rxc3 48. Ra6+ Kc7 49. Rxa5 Rxc2 50. h4 Kb6 51. Ra8 Rh2 52.
Kd4 Rc2 53. Rb8+ Ka6 54. Rc8 Rd2+ 55. Ke4 Rd3 56. g4 Rg3 57. Kf4 Rh3 58. h5 c3
59. Kf5 Kb7 60. Rc4 Kb6 61. Kg6 Rh4 62. Kg5 Rh3 63. h6 Kb5 64. Rc8 Ka6 65. Kg6
Kb7 66. Rc4 66... Rd3 {Hossa resigns} 1-0

[Event "ICS Rated blitz match"]
[Site "207.99.83.229"]
[Date "1999.06.21"]
[Round "?"]
[White "Hossa"]
[Black "Beadle"]
[Result "1-0"]
[WhiteElo "2293"]
[BlackElo "2531"]
[PlyCount "125"]

1. d4 Nf6 2. c3 d5 3. e3 Nc6 4. Nf3 e6 5. Nbd2 Bd6 6. Bb5 Bd7 7. O-O O-O 8. b3
Ne4 9. Bd3 f5 10. Bb2 e5 11. c4 Nxd2 12. Nxd2 Nb4 13. Bb1 e4 14. a3 Nc6 15.
cxd5 Ne7 16. Nc4 Nxd5 17. Nxd6 cxd6 18. Qh5 Rc8 19. Rc1 Rxc1+ 20. Bxc1 g6 21.
Qe2 Qe8 22. f4 Bb5 23. Qd2 Qe6 24. a4 Ba6 25. b4 Bc4 26. b5 Rc8 27. Bb2 Rc7 28.
Bc2 h6 29. h4 b6 30. h5 gxh5 31. Qf2 Kh8 32. Bd1 Bd3 33. Ra3 Qg6 34. Bb3 Bc4
35. Bxc4 Rxc4 36. a5 Rc8 37. axb6 axb6 38. Ra7 h4 39. Qxh4 Nxe3 40. d5+ Kg8 41.
Rg7+ Qxg7 42. Bxg7 Kxg7 43. Qe7+ Kh8 44. Qxd6 Rc1+ 45. Kf2 Ng4+ 46. Kg3 Kh7 47.
Qxb6 Rc2 48. d6 Rd2 49. Qc7+ Kg6 50. d7 Rd3+ 51. Kh4 Ne3 52. Qb6+ Kf7 53. Qxe3
Rxe3 54. d8=Q Rd3 55. Qc8 Kg7 56. Qxf5 Rd6 57. Qe5+ Rf6 58. b6 Kf7 59. b7 Kg7
60. b8=Q h5 61. Qb7+ Kg8 62. Qxf6 e3 63. Qfg7# {Beadle checkmated} 1-0

[Event "ICS Rated standard match"]
[Site "207.99.83.229"]
[Date "1999.06.21"]
[Round "?"]
[White "Hossa"]
[Black "Beadle"]
[Result "0-1"]
[WhiteElo "2214"]
[BlackElo "2423"]
[PlyCount "80"]

1. d4 d5 2. c4 c6 3. Nf3 Nf6 4. Nc3 dxc4 5. a4 Bf5 6. Ne5 e6 7. f3 Bb4 8. e4
Bxe4 9. fxe4 Nxe4 10. Bd2 Qh4+ 11. g3 Nxg3 12. Nf3 Qh5 13. Rg1 Nxf1 14. Rxf1
Nd7 15. Qe2 Bxc3 16. bxc3 Qd5 17. Rg1 g6 18. Kf2 c5 19. Rg5 f5 20. Re1 Kf7 21.
Kg1 cxd4 22. cxd4 Rhe8 23. Rg2 Kg8 24. Bh6 Kh8 25. Rf2 Rac8 26. Rb1 a6 27. a5
e5 28. Qe3 e4 29. Nd2 Nf6 30. h3 Qf7 31. Rff1 Nd5 32. Qg3 c3 33. Nb3 c2 34. Rb2
Rc3 35. Qh4 e3 36. Rc1 e2 37. Bd2 g5 38. Bxg5 Re4 39. Qe1 Qg6 40. h4 40... Qd6
{Hossa resigns} 0-1

[Event "ICS Rated blitz match"]
[Site "207.99.83.229"]
[Date "1999.06.21"]
[Round "?"]
[White "Hossa"]
[Black "blunite"]
[Result "1/2-1/2"]
[WhiteElo "2311"]
[BlackElo "2187"]
[PlyCount "133"]

1. d4 Nf6 2. c3 d5 3. e3 Bf5 4. Bb5+ c6 5. Be2 e6 6. Nf3 h6 7. Nh4 Bh7 8. O-O
Nbd7 9. Nf3 Bd6 10. c4 Ne4 11. c5 Bc7 12. Bd2 f5 13. Qb3 Rb8 14. Qa4 a6 15. Nc3
O-O 16. Rad1 g5 17. Bc1 Rf7 18. Nd2 Rg7 19. Ncxe4 fxe4 20. f3 Nf6 21. fxe4 Nxe4
22. a3 g4 23. Nxe4 Bxe4 24. g3 Qg5 25. Qb3 Qh5 26. Rf6 Rf7 27. Rxf7 Kxf7 28.
Rf1+ Kg7 29. Bd3 Bf3 30. Qc2 Rf8 31. e4 Qh3 32. e5 Qh5 33. Rf2 Bd8 34. Be3 Bg5
35. Bxg5 Qxg5 36. Qd2 Qh5 37. Bf1 Rf5 38. Qa5 Rf7 39. Qd8 Qf5 40. Qb6 Qb1 41.
Qb3 Qe4 42. Qc3 Qg6 43. Qe3 Qb1 44. b4 Qg6 45. Qd3 Qe4 46. Qd2 Qb1 47. a4 Qg6
48. Bd3 Qh5 49. Qc2 Qg5 50. b5 axb5 51. axb5 h5 52. bxc6 bxc6 53. Qd2 Kh6 54.
Qxg5+ Kxg5 55. Rf1 Ra7 56. h4+ Kh6 57. Kf2 Ra2+ 58. Ke3 Ra3 59. Re1 Be4 60. Rd1
Kg7 61. Rd2 Kf7 62. Rd1 Ke7 63. Rd2 Kf7 64. Rd1 Ke7 65. Rd2 Kf7 66. Rd1 Ke7 67.
Rd2 {Game drawn by repetition} 1/2-1/2

[Event "ICS Rated standard match"]
[Site "207.99.83.229"]
[Date "1999.06.21"]
[Round "?"]
[White "Amateur"]
[Black "Hossa"]
[Result "1-0"]
[WhiteElo "2393"]
[BlackElo "2207"]
[PlyCount "119"]

1. e4 c5 2. Nc3 d6 3. g3 Nf6 4. Bg2 e5 5. Nf3 Be7 6. d3 O-O 7. O-O Bg4 8. h3
Bh5 9. g4 Bg6 10. Nh4 Qb6 11. Nxg6 fxg6 12. g5 Nfd7 13. Nd5 Qd8 14. c3 Nb6 15.
Nxe7+ Qxe7 16. Qb3+ Kh8 17. a4 Qc7 18. Be3 Nc6 19. Qa3 Rf7 20. b4 cxb4 21. cxb4
Raf8 22. Qc3 Qd7 23. b5 Ne7 24. Rfc1 Nec8 25. d4 Qe8 26. dxe5 dxe5 27. a5 Nd7
28. Qd3 b6 29. axb6 Ndxb6 30. Rc5 Rd7 31. Qc3 Re7 32. Rc6 Rd7 33. Qc5 Ne7 34.
Rc7 Rxc7 35. Qxc7 Nec8 36. Qc6 Qd8 37. Qc5 Qe8 38. Rd1 Kg8 39. Qc6 Qf7 40. Rd3
Kh8 41. Bxb6 Nxb6 42. Rf3 Qe8 43. Rxf8+ Qxf8 44. Qc7 Qc8 45. Qxe5 Nc4 46. Qc3
Qg8 47. e5 Qe6 48. Qb3 Qf7 49. e6 Qxe6 50. Bf1 Qf5 51. Qxc4 Qxg5+ 52. Kh2 Qe5+
53. Kh1 Qb8 54. Qf7 g5 55. Bg2 h6 56. Be4 Qc8 57. Kg2 g4 58. Qxa7 gxh3+ 59. Kh2
Qf8 60. Qa8 {Hossa resigns} 1-0

[Event "ICS Rated standard match"]
[Site "207.99.83.229"]
[Date "1999.06.21"]
[Round "?"]
[White "Hossa"]
[Black "Aldapa"]
[Result "1-0"]
[WhiteElo "2199"]
[BlackElo "1853"]
[PlyCount "46"]

1. e4 c5 2. Nc3 d6 3. g3 Nc6 4. Bg2 a6 5. Nge2 Nf6 6. O-O b5 7. e5 Nxe5 8. Bxa8
Bh3 9. Bg2 Bxg2 10. Kxg2 Qa8+ 11. f3 b4 12. Nb1 h5 13. d4 Neg4 14. Kg1 Nxh2 15.
Kxh2 Ng4+ 16. Kg1 f5 17. fxg4 hxg4 18. d5 e6 19. Nf4 g5 20. Nxe6 Rh3 21. Rxf5
Rxg3+ 22. Kf2 Rf3+ 23. Rxf3 23... gxf3 {Aldapa resigns} 1-0

[Event "ICS Rated blitz match"]
[Site "207.99.83.229"]
[Date "1999.06.21"]
[Round "?"]
[White "Hossa"]
[Black "TolkienX"]
[Result "0-1"]
[WhiteElo "2315"]
[BlackElo "2718"]
[PlyCount "69"]

1. e4 c5 2. Nc3 Nc6 3. g3 g6 4. Bg2 Bg7 5. Nge2 e6 6. d3 Nge7 7. Be3 Nd4 8. Qd2
Qa5 9. O-O Nxe2+ 10. Qxe2 Bxc3 11. bxc3 Qxc3 12. Rab1 Nc6 13. Rb3 Nd4 14. Bxd4
Qxd4 15. c3 Qe5 16. f4 Qc7 17. e5 O-O 18. Rfb1 Rb8 19. Qb2 b6 20. c4 Bb7 21.
Bxb7 Qxb7 22. a4 d5 23. a5 dxc4 24. dxc4 Qe4 25. Qc1 Rfd8 26. axb6 Rxb6 27.
Rxb6 axb6 28. Rxb6 Rd4 29. Qf1 Rd2 30. Rd6 Qe3+ 31. Kh1 Rf2 32. Rd1 Rxf1+ 33.
Rxf1 Qe4+ 34. Kg1 Qxc4 35. Rd1 {Hossa resigns} 0-1

[Event "ICS rated blitz match"]
[Site "207.99.83.229"]
[Date "1999.06.21"]
[Round "?"]
[White "TolkienX"]
[Black "Hossa"]
[Result "1-0"]
[WhiteElo "2721"]
[BlackElo "2312"]
[PlyCount "160"]

1. e4 c5 2. Nc3 Nc6 3. g3 g6 4. Bg2 Bg7 5. d3 d6 6. Be3 e6 7. Qd2 Rb8 8. f4
Nge7 9. Nf3 O-O 10. O-O-O Qa5 11. d4 f5 12. Kb1 cxd4 13. Nxd4 fxe4 14. Bxe4 a6
15. Bf3 Rd8 16. Qe2 Bd7 17. Bf2 Kh8 18. Bg4 e5 19. fxe5 Bxg4 20. Qxg4 Nxd4 21.
Rxd4 dxe5 22. Re4 Nd5 23. Nxd5 Rxd5 24. Be3 Rf8 25. Rc1 Rd6 26. Rc4 Qb5 27. Rb4
Qc6 28. Re1 Rc8 29. Qe2 Rcd8 30. Bg5 Rd4 31. Rb3 Rf8 32. h4 e4 33. Bf4 Qd5 34.
Be3 Rc4 35. Rd1 Qf7 36. Bf4 b5 37. Re3 Qf6 38. c3 Qf5 39. Rd6 a5 40. Ra6 a4 41.
Qd2 Qc8 42. Rb6 Rd8 43. Qe1 Qf5 44. Bg5 Re8 45. Ra6 Rc5 46. Ra7 Rd5 47. Qe2 Qh3
48. Rf3 Rf5 49. Rxf5 Qxf5 50. g4 Qd5 51. Bc1 Kg8 52. Ra5 Rb8 53. Bf4 Rb7 54.
Ra8+ Bf8 55. Bh6 Rf7 56. Rb8 Qc4 57. Qxc4 bxc4 58. Kc1 g5 59. hxg5 e3 60. Kd1
Rf2 61. Ke1 Rf7 62. Ke2 Rf2+ 63. Kxe3 Rf7 64. Kd4 Rf4+ 65. Kd5 Rf7 66. Kxc4
Rf4+ 67. Kb5 a3 68. bxa3 Rf2 69. Kc6 Rf3 70. c4 Rf4 71. c5 Rf3 72. a4 Rf7 73.
Rxf8+ Rxf8 74. Bxf8 Kxf8 75. Kd6 Kf7 76. c6 Kg6 77. c7 Kxg5 78. c8=Q Kh4 79.
Qf5 Kh3 80. g5+ 80... Kg2 {Hossa resigns} 1-0

[Event "ICS rated bullet match"]
[Site "207.99.83.229"]
[Date "1999.06.21"]
[Round "?"]
[White "Amateur"]
[Black "Hossa"]
[Result "0-1"]
[WhiteElo "2483"]
[BlackElo "2410"]
[PlyCount "150"]

1. e4 d6 2. d4 Nf6 3. Nc3 Nbd7 4. f4 e5 5. Nf3 Be7 6. dxe5 dxe5 7. fxe5 Ng4 8.
Bf4 Bc5 9. Bg5 Be7 10. Bf4 Bc5 11. Bc4 Nf2 12. Qd5 O-O 13. Rf1 c6 14. Qd2 Qb6
15. b3 Qa5 16. e6 fxe6 17. Bxe6+ Kh8 18. Ne2 Nd3+ 19. Kd1 Nb2+ 20. Kc1 Qa3 21.
Kb1 Nf6 22. Bxc8 Raxc8 23. Qc3 Na4 24. bxa4 Nxe4 25. Qxa3 Bxa3 26. Bc1 Bxc1 27.
Kxc1 c5 28. Kb2 Rf6 29. Rad1 Rg6 30. Nf4 Rb6+ 31. Ka3 Ra6 32. Rb1 Rb8 33. Rbe1
Nc3 34. Kb3 Nxa4 35. Re7 b5 36. Ne5 g6 37. Nf7+ Kg8 38. Ng5 Nb6 39. Rf2 Nc4 40.
a4 Rxa4 41. c3 Ra3+ 42. Kc2 Ra2+ 43. Kd3 Rxf2 44. Nge6 Ra8 45. Rc7 Nb2+ 46. Ke4
c4 47. Re7 Nd1 48. Nd5 Rf7 49. Kd4 Rxe7 50. Nxe7+ Kf7 51. Nc7 Rd8+ 52. Ned5 a5
53. Nxb5 Ne3 54. Kxe3 Rxd5 55. Nd4 a4 56. Nc6 a3 57. Nb4 Rd3+ 58. Ke4 Ke6 59.
g4 Rd2 60. h4 Rb2 61. h5 gxh5 62. gxh5 Rxb4 63. cxb4 a2 64. Kd4 a1=Q+ 65. Kxc4
Qc1+ 66. Kd4 Qd1+ 67. Kc4 Qxh5 68. b5 Qd5+ 69. Kb4 Kd6 70. Kc3 Qxb5 71. Kd4 Qe2
72. Kc3 Kc5 73. Kb3 Qd2 74. Ka3 Kc4 75. Ka4 75... Qa2# {Amateur checkmated} 0-1

[Event "ICS rated bullet match"]
[Site "207.99.83.229"]
[Date "1999.06.21"]
[Round "?"]
[White "Hossa"]
[Black "Amateur"]
[Result "0-1"]
[WhiteElo "2429"]
[BlackElo "2464"]
[PlyCount "196"]

1. e4 c5 2. Nc3 d6 3. g3 Nc6 4. Bg2 g6 5. Nf3 Bg7 6. O-O Nf6 7. d4 cxd4 8. Nxd4
O-O 9. Be3 Ne5 10. Qe2 Neg4 11. Rad1 Nxe3 12. Qxe3 Qb6 13. Na4 Qb4 14. Qb3 Qxb3
15. axb3 Bd7 16. f4 Ng4 17. Rfe1 Rad8 18. Nc3 e5 19. Nf3 exf4 20. gxf4 Bc6 21.
Nd4 a5 22. Bf3 Nh6 23. Be2 Rfe8 24. Nxc6 bxc6 25. Bf3 Re6 26. e5 d5 27. Ne2 Re7
28. Nd4 Rc8 29. Ra1 Ra7 30. Re3 Bf8 31. Rc3 Rac7 32. Bg2 Bb4 33. Rd3 Ra7 34.
Rad1 Re7 35. Rh3 Ng4 36. Rg3 Nh6 37. Bh3 Rcc7 38. Rg5 Bc5 39. Kh1 Re8 40. Rg3
Bf8 41. Rc3 c5 42. Nb5 Rb7 43. Nd6 d4 44. Rxc5 Rb4 45. Rxa5 Rd8 46. Ne4 Kh8 47.
Nf6 d3 48. Rxd3 Rxd3 49. cxd3 Rxb3 50. Ra8 Rxd3 51. Rxf8+ Kg7 52. Rb8 Rxh3 53.
Ne8+ Kf8 54. Nd6+ Kg7 55. Kg2 Rd3 56. h4 Ng4 57. Rb7 Ne3+ 58. Kf2 Ng4+ 59. Ke1
Nh6 60. Ne8+ Kg8 61. Nf6+ Kg7 62. h5 Rd4 63. Ne8+ Kh8 64. hxg6 hxg6 65. b4 Re4+
66. Kd2 Rxf4 67. Nf6 Rf5 68. Re7 Kg7 69. Kc3 g5 70. b5 Rf3+ 71. Kb4 Rf4+ 72.
Kc5 Rf1 73. Rb7 Re1 74. Kd5 Kg6 75. b6 Rd1+ 76. Kc6 Rc1+ 77. Kb5 g4 78. Nd5 g3
79. Re7 Rb1+ 80. Ka6 Kg5 81. Ne3 Nf5 82. Nxf5 g2 83. Nd4 Rxb6+ 84. Ka5 Kh6 85.
Ne2 Rb2 86. Ng1 Rb1 87. e6 Rxg1 88. exf7 Kg7 89. Re3 Ra1+ 90. Kb5 g1=Q 91.
f8=Q+ Kxf8 92. Rf3+ Ke8 93. Rd3 Qb1+ 94. Kc4 Ra4+ 95. Kc5 Qxd3 96. Kb6 Rb4+ 97.
Kc5 Rb5+ 98. Kc6 98... Qd7# {Hossa checkmated} 0-1

[Event "ICS Rated bullet match"]
[Site "207.99.83.229"]
[Date "1999.06.21"]
[Round "?"]
[White "Amateur"]
[Black "Hossa"]
[Result "0-1"]
[WhiteElo "2478"]
[BlackElo "2415"]
[PlyCount "114"]

1. e4 c5 2. Nc3 d6 3. Nf3 Nf6 4. g3 e5 5. Bg2 Be7 6. d3 O-O 7. O-O Nc6 8. Be3
Nd4 9. Bxd4 cxd4 10. Nd5 Nxd5 11. exd5 Qb6 12. Qb1 Qc5 13. Nd2 Bg4 14. Re1 Rac8
15. Nc4 b5 16. Na5 Bg5 17. Nc6 Rce8 18. b4 Qb6 19. h3 Bh5 20. Qb3 Bd2 21. Re4
g5 22. g4 f5 23. gxf5 Bc3 24. Rb1 Qa6 25. a4 bxa4 26. Qa2 Qb5 27. Qc4 Qxc4 28.
dxc4 a3 29. Rf1 a2 30. Ree1 Rxf5 31. Ra1 Be2 32. Rxa2 Bxf1 33. Bxf1 Be1 34.
Rxa7 Bxf2+ 35. Kh1 Rf3 36. c5 Rg3 37. cxd6 Rg1+ 38. Kh2 Rxf1 39. d7 Rf8 40. Ra6
g4 41. hxg4 Bh4 42. Kh3 Rh1+ 43. Kg2 Re1 44. Kh3 Bg5 45. Ra3 Re3+ 46. Kh2 Rxa3
47. Kg2 Rc3 48. Kg1 Rxc2 49. d8=Q Rxd8 50. Nxd8 Bxd8 51. Kf1 d3 52. Ke1 Bh4+
53. Kf1 Rh2 54. g5 Bg3 55. g6 d2 56. gxh7+ Kxh7 57. d6 57... d1=Q# {
Amateur checkmated} 0-1

[Event "ICS Rated blitz match"]
[Site "207.99.83.229"]
[Date "1999.06.21"]
[Round "?"]
[White "Hossa"]
[Black "TolkienX"]
[Result "0-1"]
[WhiteElo "2309"]
[BlackElo "2727"]
[PlyCount "74"]

1. e4 e5 2. Nf3 Nc6 3. Nc3 Nf6 4. d4 exd4 5. Nxd4 Bb4 6. Nxc6 bxc6 7. Qd4 Qe7
8. f3 c5 9. Qe3 O-O 10. Be2 Re8 11. O-O d5 12. Bb5 d4 13. Qg5 dxc3 14. Bxe8
Qxe8 15. b3 c4 16. Be3 h6 17. Qh4 Qe7 18. Rad1 cxb3 19. axb3 Bd6 20. Bd4 Ba6
21. Rfe1 Bc5 22. e5 Nd5 23. Qxe7 Bxe7 24. e6 c6 25. Ra1 Bc8 26. exf7+ Kxf7 27.
Rxa7 Rxa7 28. Bxa7 Bf5 29. Re4 Bg5 30. Kh1 Bxe4 31. fxe4 Nb4 32. Bd4 Bd2 33. g4
Nxc2 34. Be5 Na1 35. b4 Nc2 36. b5 cxb5 37. g5 37... Ne3 {Hossa resigns} 0-1

[Event "ICS Rated blitz match"]
[Site "207.99.83.229"]
[Date "1999.06.21"]
[Round "?"]
[White "TolkienX"]
[Black "Hossa"]
[Result "1-0"]
[WhiteElo "2730"]
[BlackElo "2306"]
[PlyCount "140"]

1. d4 Nf6 2. c4 e6 3. Nf3 b6 4. g3 Ba6 5. b3 Bb4+ 6. Bd2 Bxd2+ 7. Qxd2 d5 8.
cxd5 Ne4 9. Qe3 exd5 10. Nc3 f5 11. Ne5 O-O 12. Bg2 f4 13. gxf4 Nxc3 14. Qxc3
Bb7 15. Qf3 Qh4 16. e3 Na6 17. a3 c5 18. Bf1 Nc7 19. Qh3 Qxh3 20. Bxh3 Rae8 21.
dxc5 bxc5 22. O-O Na6 23. Rac1 Bc8 24. Bxc8 Rxc8 25. Rfd1 Rfd8 26. Rc3 Rd6 27.
b4 c4 28. e4 Rcd8 29. Rxd5 Rxd5 30. exd5 Nc7 31. Rxc4 Nxd5 32. Rd4 a6 33. a4
Kf8 34. b5 axb5 35. axb5 Ke8 36. Nc6 Rd6 37. f5 Rd7 38. Kg2 Nf6 39. Kf3 Rb7 40.
Rd8+ Kf7 41. Nd4 Ke7 42. Rc8 Kd6 43. Ke2 Re7+ 44. Kd3 Rb7 45. f4 Nh5 46. Ke3
Nf6 47. h3 Nd5+ 48. Ke4 Nf6+ 49. Kd3 Nh5 50. Ke3 Nf6 51. Rc6+ Kd5 52. Rc1 Kd6
53. Kf3 Kd5 54. Ne6 Nh5 55. Rc5+ Kd6 56. Ke3 Rb8 57. Rc6+ Kd7 58. Nc5+ Ke8 59.
b6 Nf6 60. b7 Nd5+ 61. Ke4 Nf6+ 62. Ke5 Kd8 63. Ne6+ Ke7 64. Rc7+ Nd7+ 65. Kd5
Kf6 66. Rxd7 Kxf5 67. Rf7+ Kg6 68. Rxg7+ Kf6 69. Rxh7 Kg6 70. Ng5 70... Rf8 {
Hossa resigns} 1-0

[Event "ICS Rated blitz match"]
[Site "207.99.83.229"]
[Date "1999.06.21"]
[Round "?"]
[White "Hossa"]
[Black "TolkienX"]
[Result "0-1"]
[WhiteElo "2303"]
[BlackElo "2733"]
[PlyCount "137"]

1. d4 Nf6 2. c4 g6 3. Nc3 Bg7 4. e4 d6 5. Nf3 O-O 6. Be3 e5 7. dxe5 dxe5 8. Qb3
Nbd7 9. O-O-O Qe7 10. h4 c6 11. h5 Nxh5 12. Qa4 Nhf6 13. Qc2 Ng4 14. Bg5 Qb4
15. Ne1 Nc5 16. Kb1 Ne6 17. Nd3 Qd6 18. Bh4 Re8 19. Qd2 Qd4 20. Qe2 Nf6 21. Qf3
Nd7 22. Nf4 Qc5 23. Nxe6 Rxe6 24. Qh3 Rd6 25. Rxd6 Qxd6 26. Bg5 h5 27. Be2 Nb6
28. Qh4 f6 29. Be3 Qb4 30. a3 Qb3 31. Qg3 Nxc4 32. Bxc4+ Qxc4 33. Qxg6 Bg4 34.
Ka1 Qf7 35. Qxf7+ Kxf7 36. f3 Be6 37. Rxh5 a6 38. g4 Rd8 39. Rh2 Rd3 40. Re2
Bf8 41. Nb1 c5 42. Nc3 Bb3 43. Re1 c4 44. Nb1 Rd1 45. Rg1 b5 46. Rxd1 Bxd1 47.
Nd2 b4 48. axb4 Bxb4 49. Nxc4 Bxf3 50. Bd2 Bxd2 51. Nxd2 Bxg4 52. Nc4 Ke6 53.
Ne3 Bf3 54. Nd5 Bxe4 55. Nc7+ Kd6 56. Nxa6 f5 57. b4 f4 58. Nc5 Kd5 59. Nd7 f3
60. Nf6+ Kd4 61. Nh5 Bg6 62. Ng3 e4 63. Ka2 e3 64. Nf1 e2 65. Nh2 f2 66. Kb3
f1=Q 67. Ka4 e1=Q 68. Nxf1 Qa1+ 69. Kb5 {Hossa resigns} 0-1

[Event "ICS Rated blitz match"]
[Site "207.99.83.229"]
[Date "1999.06.21"]
[Round "?"]
[White "TolkienX"]
[Black "Hossa"]
[Result "1/2-1/2"]
[WhiteElo "2735"]
[BlackElo "2301"]
[PlyCount "247"]

1. e4 e5 2. Nc3 Nf6 3. f4 d5 4. fxe5 Nxe4 5. Nf3 Be7 6. d3 Nxc3 7. bxc3 f6 8.
exf6 Bxf6 9. Bb2 O-O 10. Be2 Bh4+ 11. Nxh4 Qxh4+ 12. g3 Qh6 13. Qd2 Qxd2+ 14.
Kxd2 Nc6 15. Raf1 Bh3 16. Rxf8+ Rxf8 17. Ba3 Rf7 18. Bc5 Bg2 19. Re1 b6 20. Be3
Bf3 21. Bxf3 Rxf3 22. Bf4 Rf2+ 23. Re2 Rxe2+ 24. Kxe2 d4 25. Bxc7 dxc3 26. Bd6
Nd4+ 27. Kd1 Nf5 28. Bf4 Nd4 29. Be5 Nf3 30. Bxc3 Nxh2 31. Ke2 h5 32. a4 Kh7
33. d4 g5 34. d5 Kg6 35. Bd4 h4 36. gxh4 gxh4 37. d6 Kf7 38. a5 bxa5 39. c4 Ke6
40. c5 Ng4 41. Kf1 h3 42. Kg1 h2+ 43. Kg2 a4 44. Bb2 Ne3+ 45. Kxh2 Nc2 46. Be5
a3 47. c6 Nb4 48. c7 Kd7 49. Kg3 a5 50. Bg7 a2 51. Kf3 Nc2 52. Ke4 Na3 53. Kd5
Nb5 54. c8=Q+ Kxc8 55. Ke6 Nxd6 56. Kxd6 a4 57. Ba1 Kb7 58. Kc5 a3 59. Kb4 Kb6
60. Bd4+ Kc6 61. Kc4 Kd6 62. Ba1 Ke6 63. Kb4 Kd5 64. Kb5 Ke4 65. Ka4 Kd5 66.
Kb3 Kc5 67. Bh8 Kd5 68. Bf6 Kc5 69. Ba1 Kd5 70. Bh8 Kc5 71. Kxa2 Kd5 72. Bf6
Ke6 73. Bc3 Kd5 74. Bh8 Ke4 75. Bg7 Kd5 76. Bf8 Ke5 77. Bc5 Kd5 78. Bb6 Kc6 79.
Be3 Kd5 80. Bg5 Ke5 81. Bd2 Kd5 82. Ka1 Ke5 83. Bh6 Kf5 84. Bg7 Kg5 85. Ka2 Kg6
86. Bh8 Kh7 87. Bc3 Kg6 88. Be1 Kf6 89. Bh4+ Kg6 90. Kb1 Kh6 91. Bf6 Kh7 92.
Ka2 Kg6 93. Bd4 Kf5 94. Bf2 Ke5 95. Bg3+ Kf5 96. Ka1 Kg5 97. Bd6 Kf6 98. Bf8
Ke5 99. Be7 Kd5 100. Bd8 Ke5 101. Bc7+ Kf5 102. Bb8 Kg5 103. Bg3 Kh5 104. Bf4
Kg6 105. Bd2 Kh5 106. Bb4 Kg6 107. Bc5 Kf6 108. Bd4+ Kg6 109. Ba7 Kh6 110. Be3+
Kh7 111. Bb6 Kh8 112. Bd4+ Kg8 113. Kb1 Kh7 114. Ka2 Kg6 115. Bb6 Kf6 116. Bd8+
Kg6 117. Bc7 Kf6 118. Ba5 Ke5 119. Kb3 a2 120. Bc3+ Kf5 121. Ba1 Ke4 122. Bh8
Kd5 123. Bg7 a1=Q 124. Bxa1 {
Game drawn because neither player has mating material} 1/2-1/2

[Event "ICS Rated blitz match"]
[Site "207.99.83.229"]
[Date "1999.06.21"]
[Round "?"]
[White "Hossa"]
[Black "TolkienX"]
[Result "0-1"]
[WhiteElo "2315"]
[BlackElo "2729"]
[PlyCount "44"]

1. e4 c5 2. Nf3 e6 3. d4 cxd4 4. Nxd4 Nf6 5. Nc3 d6 6. g4 a6 7. g5 Nfd7 8. Be3
Be7 9. Qh5 O-O 10. O-O-O Nc6 11. Bg2 Nce5 12. Bf4 Nc4 13. Bf1 Nxb2 14. Kxb2 e5
15. Bd2 exd4 16. Nd5 Nb6 17. Ba5 Na4+ 18. Ka1 b6 19. Bd2 Bb7 20. Bc4 Rc8 21.
Qe2 b5 22. Ba5 22... Qxa5 {Hossa resigns} 0-1

[Event "ICS Rated standard match"]
[Site "207.99.83.229"]
[Date "1999.06.21"]
[Round "?"]
[White "hegerman"]
[Black "Hossa"]
[Result "1-0"]
[WhiteElo "2270"]
[BlackElo "2203"]
[PlyCount "131"]

1. e4 e5 2. Nf3 Nf6 3. Nc3 Nc6 4. Bb5 Bb4 5. d3 Nd4 6. Ba4 b5 7. Bb3 d6 8. h3
O-O 9. Bd2 Ba6 10. Nxd4 exd4 11. Ne2 Bc5 12. Ng3 Bb7 13. O-O d5 14. Bg5 dxe4
15. Nxe4 Bxe4 16. dxe4 h6 17. Bxf6 Qxf6 18. Qg4 Rae8 19. a4 b4 20. Rae1 d3 21.
cxd3 Qxb2 22. Qd1 Rd8 23. Re2 Qe5 24. Bc4 Bd4 25. Kh1 c6 26. f4 Qh5 27. Rc2
Qxd1 28. Rxd1 a5 29. g4 Kh7 30. Kg2 Rb8 31. Bb3 Rb6 32. Kf3 Kg6 33. h4 Kh7 34.
Rdc1 c5 35. e5 Rc6 36. Ke4 Rc7 37. g5 Rb8 38. Rg2 hxg5 39. hxg5 g6 40. Rh2+ Kg7
41. Rch1 Re8 42. Rh7+ Kf8 43. Rh8+ Ke7 44. Bxf7 Rxh8 45. Rxh8 Rc6 46. Bd5 Rb6
47. Rh7+ Kf8 48. Bb3 Ra6 49. Rb7 Bf2 50. Rf7+ Ke8 51. f5 gxf5+ 52. Kxf5 c4 53.
Bxc4 Bd4 54. Rb7 Rb6 55. Rxb6 Bxb6 56. g6 Kf8 57. e6 Bd4 58. Ke4 Bg7 59. d4 Ke7
60. Kd5 Bf6 61. Kc5 Kf8 62. d5 b3 63. Bxb3 Kg7 64. d6 Kxg6 65. e7 Kf5 66. e8=Q
{Hossa resigns} 1-0

[Event "ICS rated blitz match"]
[Site "207.99.83.229"]
[Date "1999.06.21"]
[Round "?"]
[White "gm3999"]
[Black "Hossa"]
[Result "0-1"]
[WhiteElo "2086"]
[BlackElo "2312"]
[PlyCount "46"]

1. e4 e5 2. Nc3 Nf6 3. f4 d5 4. exd5 e4 5. Bc4 Bc5 6. Nge2 c6 7. dxc6 Nxc6 8.
d3 exd3 9. Qxd3 Qe7 10. Bd2 Nb4 11. Bb5+ Kf8 12. Qc4 Nxc2+ 13. Kd1 Nxa1 14. Re1
Be6 15. Qa4 Rd8 16. Kc1 a6 17. Bc4 b5 18. Nxb5 axb5 19. Bxb5 Bf5 20. Nc3 Qxe1+
21. Bxe1 Be3+ 22. Bd2 Rxd2 23. Qb4+ 23... Rd6# {gm3999 checkmated} 0-1

[Event "ICS rated blitz match"]
[Site "207.99.83.229"]
[Date "1999.06.21"]
[Round "?"]
[White "Hossa"]
[Black "DonTomaso"]
[Result "1-0"]
[WhiteElo "2319"]
[BlackElo "2101"]
[PlyCount "61"]

1. e4 c5 2. Nf3 Nc6 3. d4 cxd4 4. Nxd4 g6 5. Nc3 Bg7 6. Be3 Nf6 7. f3 O-O 8.
Qd2 d5 9. Nxc6 bxc6 10. O-O-O e6 11. Bh6 Qa5 12. Qg5 Bxh6 13. Qxh6 dxe4 14.
fxe4 Ng4 15. Qf4 e5 16. Qf3 Qc5 17. Rd2 Be6 18. h3 Ne3 19. Qf6 Bc4 20. Be2 Bxe2
21. Rxe2 Nc4 22. Nd1 Rad8 23. h4 Rd6 24. Qg5 f6 25. Qh6 Rfd8 26. c3 Rd2 27.
Rxd2 Rxd2 28. h5 g5 29. Qxf6 Rxg2 30. Qe6+ Kg7 31. h6+ {DonTomaso resigns} 1-0

[Event "ICS Rated standard match"]
[Site "207.99.83.229"]
[Date "1999.06.21"]
[Round "?"]
[White "Nimzostrong"]
[Black "Hossa"]
[Result "1-0"]
[WhiteElo "2476"]
[BlackElo "2202"]
[PlyCount "110"]

1. d4 Nf6 2. c4 g6 3. Nc3 Bg7 4. e4 d6 5. Be2 O-O 6. Be3 e5 7. Nf3 c6 8. O-O
exd4 9. Bxd4 Qe7 10. Qc2 Re8 11. Rad1 Nxe4 12. Bxg7 Kxg7 13. Nxe4 Qxe4 14. Qc3+
Kg8 15. Rxd6 Qe7 16. c5 Be6 17. Bc4 Bxc4 18. Qxc4 Na6 19. Qc3 Nc7 20. Re1 Qf8
21. Rdd1 Rxe1+ 22. Rxe1 Nd5 23. Qa3 a6 24. Qb3 Rb8 25. Qc4 Re8 26. Rd1 Qe7 27.
h4 Qe4 28. Qb3 Qg4 29. Re1 Rxe1+ 30. Nxe1 Qe4 31. Nf3 Qb4 32. Qc2 h5 33. a3 Qf4
34. b4 Kh7 35. Qd1 f6 36. Qc2 Kg7 37. Kh1 Qg4 38. Qe2 Kf7 39. g3 Nxb4 40. axb4
Qxb4 41. Qe3 a5 42. Kg2 Qc4 43. Qe5 Qb5 44. Qc7+ Ke8 45. Qd6 Qb4 46. Qe6+ Kd8
47. Qxf6+ Kc8 48. Qf8+ Kc7 49. Ng5 Qb3 50. Qe8 Qd5+ 51. Kh2 Qxc5 52. Ne6+ Kb6
53. Nxc5 Kxc5 54. Qxg6 a4 55. f4 55... Kb4 {Hossa resigns} 1-0